Villes de France avec des caractères spéciaux - Statistiques

Statistiques générales
  • Ce quiz a été pris 101 fois
  • Le résultat moyen est 12 sur 55
Statistiques - réponses
Commune Département Caractère spécial Population % Correct
Nîmes Gard (30) î 148 561
81%
Besançon Doubs (25) ç 117 912
79%
Mâcon Saône-et-Loire (71) â 33 908
64%
Angoulême Charente (16) ê 41 603
55%
Châteauroux Indre (36) â 43 122
53%
Saint-Lô Manche (50) ô 19 050
53%
Montluçon Allier (03) ç 34 361
51%
Alençon Orne (61) ç 25 870
50%
Chalon-sur-Saône Saône-et-Loire (71) ô 45 056
50%
Châlons-en-Champagne Marne (51) â 44 379
47%
L'Haÿ-les-Roses Val-de-Marne (94) ÿ 32 071
37%
Châtellerault Vienne (86) â 31 487
31%
Briançon Hautes-Alpes (05) ç 11 339
29%
Marcq-en-Barœul Nord (59) œ 38 486
29%
Saint-Raphaël Var (83) ë 36 027
28%
Villefranche-sur-Saône Rhône (69) ô 36 291
27%
Vendôme Loir-et-Cher (41) ô 15 856
26%
Vandœuvre-lès-Nancy Meurthe-et-Moselle (54) œ 29 942
24%
Châtillon Hauts-de-Seine (92) â 36 639
22%
Châteaudun Eure-et-Loir (28) â 13 096
21%
Château-Thierry Aisne (02) â 15 254
21%
Châteaubriant Loire-Atlantique (44) â 12 031
18%
Château-Gontier-sur-Mayenne Mayenne (53) â 16 950
18%
Couëron Loire-Atlantique (44) ë 22 309
17%
Schœlcher Martinique (972) œ 19 612
17%
Châteaurenard Bouches-du-Rhône (13) â 16 063
14%
Chenôve Côte-d'Or (21) ô 14 025
14%
Saint-Benoît La Réunion (974) î 37 036
14%
Vitry-le-François Marne (51) ç 11 376
14%
Mons-en-Barœul Nord (59) œ 21 277
13%
Pont-à-Mousson Meurthe-et-Moselle (54) à 14 497
13%
Tournon-sur-Rhône Ardèche (07) ô 10 622
10%
Viry-Châtillon Essonne (91) â 30 865
10%
Châtenay-Malabry Hauts-de-Seine (92) â 34 021
9%
Onet-le-Château Aveyron (12) â 11 665
9%
Saint-Ouen-l'Aumône Val-d'Oise (95) ô 24 674
9%
Valserhône Ain (01) ô 16 378
9%
Châteauneuf-les-Martigues Bouches-du-Rhône (13) â 17 606
8%
Le Kremlin-Bicêtre Val-de-Marne (94) ê 24 971
8%
Villers-Cotterêts Aisne (02) ê 10 424
8%
Châteaugiron Ille-et-Vilaine (35) â 10 283
6%
Hœnheim Bas-Rhin (67) œ 11 304
6%
Port-Jérôme-sur-Seine Seine-Maritime (76) ô 10 248
6%
Saint-François Guadeloupe (971) ç 11 689
6%
Châlette-sur-Loing Loiret (45) â 12 688
5%
Dammartin-en-Goële Seine-et-Marne (77) ë 10 355
5%
Nœux-les-Mines Pas-de-Calais (62) œ 11 575
5%
Pont-du-Château Puy-de-Dôme (63) â 12 182
5%
Le François Martinique (972) ç 15 980
4%
Petite-Île La Réunion (974) î 12 395
4%
Pontchâteau Loire-Atlantique (44) â 10 901
4%
Annœullin Nord (59) œ 10 471
3%
Païta Nouvelle-Calédonie ï 24 563
3%
Saint-Brice-sous-Forêt Val-d'Oise (95) ê 15 043
1%
Saint-Leu-la-Forêt Val-d'Oise (95) ê 16 130
1%
Aucun quiz correspondant
Distribution des résultats
% des personnes avec chaque résultat
Percentile par nombre de réponses
Votre historique - résultats
Vous n’avez pas pris ce quiz